书目信息 |
| 题名: |
君主论
|
|
| 作者: | 马基雅维利 著 ;李修建 译 | |
| 分册: | ||
| 出版信息: | 北京 九州出版社 2007 |
|
| 页数: | 208页 | |
| 开本: | 23cm | |
| 丛书名: | 西方学术经典文库 | |
| 单 册: | ||
| 中图分类: | D033.2 | |
| 科图分类: | ||
| 主题词: | 君主制 , 君主制--研究 | |
| 电子资源: | ||
| ISBN: | 7-80195-560-9 | |
| 000 | 01109oam2 2200301 450 | |
| 001 | 003338311 | |
| 005 | 20070805092233.25 | |
| 010 | @a7-80195-560-9@dCNY28.00 | |
| 100 | @a20060104d2007 em y0chiy0110 ea | |
| 101 | 2 | @achi@aeng@cita |
| 102 | @aCN@b110000 | |
| 105 | @ay z 000yy | |
| 200 | 1 | @a君主论@9jun zhu lun@e英汉对照@dThe Prince@f(意)尼科洛·马基雅弗利(Niccolo Machiavelli)著@g李修建译@zeng |
| 210 | @a北京@c九州出版社@d2007 | |
| 215 | @a208页@d23cm | |
| 225 | 2 | @a西方学术经典文库 |
| 305 | @a本书根据The University of Chicago Press 1985版本译出 | |
| 308 | @a丛书第一辑 | |
| 330 | @a本书作者从道德与利益经常发生冲突的角度出发阐述了对道德与政治的关系和看法。全书共二十六章。包括“君主国的种类及其获得方式”、“论世袭君主国”、“论混合君主国”等。 | |
| 461 | 0 | @12001 @a西方学术经典文库 |
| 510 | 1 | @aPrince@zeng |
| 606 | 0 | @a君主制 |
| 606 | 0 | @a君主制@x研究 |
| 690 | @aD033.2@v4 | |
| 701 | 0 | @c(意)@a马基雅维利@9ma ji ya wei li@c(Machiavelli, Nviccolo@f1469~1527)@4著 |
| 702 | 0 | @a李修建@9li xiu jian@c(德语翻译)@4译 |
| 801 | 0 | @aCN@bNLC@c20070805 |
| 905 | @a10447@dD033.2@e90 | |
| 君主论:英汉对照=The Prince/(意)尼科洛·马基雅弗利(Niccolo Machiavelli)著/李修建译.-北京:九州出版社,2007 |
| 208页;23cm.-(西方学术经典文库) |
| ISBN 7-80195-560-9:CNY28.00 |
| 本书作者从道德与利益经常发生冲突的角度出发阐述了对道德与政治的关系和看法。全书共二十六章。包括“君主国的种类及其获得方式”、“论世袭君主国”、“论混合君主国”等。 |
| ● |
| 相关链接 |
|
|
|
|
正题名:君主论
索取号:D033.2/90
 
预约/预借
| 序号 | 登录号 | 条形码 | 馆藏地/架位号 | 状态 | 备注 |
| 1 | 0807903 | 208079032 | 第一样本阅览室/ [索取号:D033.2/90] | 在馆 | |
| 2 | 0807904 | 208079041 | 第一借阅区/ [索取号:D033.2/90] | 在馆 | |
| 3 | 0807905 | 208079050 | 第一借阅区/ [索取号:D033.2/90] | 在馆 | |
| 4 | 0807906 | 208079069 | 第一借阅区/ [索取号:D033.2/90] | 在馆 | |
| 5 | 0807907 | 208079078 | 第一借阅区/ [索取号:D033.2/90] | 在馆 | |
| 6 | 0807908 | 208079087 | 第一借阅区/ [索取号:D033.2/90] | 在馆 | |
| 7 | 0807909 | 208079096 | 第一借阅区/ [索取号:D033.2/90] | 在馆 | |
| 8 | 0807910 | 208079103 | 第一借阅区/ [索取号:D033.2/90] | 在馆 | |
| 9 | 0807911 | 208079112 | 第一借阅区/ [索取号:D033.2/90] | 在馆 | |
| 10 | 0807912 | 208079121 | 第一借阅区/ [索取号:D033.2/90] | 在馆 |